| 000 | 00674nam a2200301Ia 4500 | ||
|---|---|---|---|
| 005 | 20260401122133.0 | ||
| 008 | 008 250103s9999 xx 000 0 eng d | ||
| 020 | _a817046143X | ||
| 037 | _aTB | ||
| 040 | _aEDL | ||
| 040 | _beng | ||
| 040 | _cEDL | ||
| 041 | _2eng | ||
| 041 | _aeng | ||
| 084 | _a305.568 MAH | ||
| 084 | _qEDL | ||
| 100 | _aMahasweta Devi | ||
| 245 | 0 | _aDust on the Road: Activist Writings of Mahasweta Devi | |
| 245 | 0 | _cMahasweta Devi | |
| 260 | _aCalcutta | ||
| 260 | _bSeagull Books | ||
| 260 | _c2000 | ||
| 300 | _a219p | ||
| 942 | _cTB | ||
| 942 | _h305.568 MAH | ||
| 999 |
_c1845161 _d1845161 |
||